Παιδιά εξωτικά, παιδιά οικόσιτα : ανθρωπολογική μελέτη της αναπηρίας και της ειδικής εκπαίδευσης στην Ελλάδα
Αποθηκεύτηκε σε:
| Κύριος συγγραφέας: | |
|---|---|
| Άλλοι συγγραφείς: | |
| Μορφή: | Βιβλίο |
| Γλώσσα: | Greek |
| Δημοσίευση: |
Αθήνα:
Redmarks,
2017.
|
| Σειρά: | Κριτική έρευνα
|
| Θέματα: | |
| Ετικέτες: |
Προσθήκη ετικέτας
Δεν υπάρχουν, Καταχωρήστε ετικέτα πρώτοι!
|
MARC
| LEADER | 00000cam a2200000 a 4500 | ||
|---|---|---|---|
| 001 | 1/117507 | ||
| 008 | 181112s2017####gr | ||| |||| ||gre|| | ||
| 020 | |a 9786188307360 | ||
| 040 | |a GR-MyUa |b gre |c GR-MyUa |e AACR2 | ||
| 041 | 0 | |a gre | |
| 082 | 7 | |a 371.9 |2 (23) | |
| 100 | 1 | |a Τεντόμας, Λάζαρος. | |
| 245 | 1 | 0 | |a Παιδιά εξωτικά, παιδιά οικόσιτα : |b ανθρωπολογική μελέτη της αναπηρίας και της ειδικής εκπαίδευσης στην Ελλάδα / |c Λάζαρος Τεντόμας. |
| 260 | |a Αθήνα: |b Redmarks, |c 2017. | ||
| 300 | |a 248 σ. ; |c 20 εκ. | ||
| 490 | 1 | |a (Κριτική Έρευνα) | |
| 504 | |a Βιβλιογραφία: [221]-248. | ||
| 650 | 0 | |a Special education |z Greece. | |
| 650 | 0 | |a Children with mental disabilities |x Education |z Greece. | |
| 650 | 0 | |a Physical education for people with disabilities. | |
| 650 | 0 | |a Special education |x History. | |
| 700 | 1 | |a Γκέφου-Μαδιανού, Δήμητρα, |e aui | |
| 830 | 0 | |a Κριτική έρευνα | |
| 852 | |a INST |b RHODES |e 20181112 |h 371.9 ΤΕΝ |p 005400040304 |q 005400040304 |t BK |y 0 | ||
| 970 | |a Μαρία |b Κωτάκου |z 12-11-2018 | ||